| 000 | 00748 a2200205 4500 | ||
|---|---|---|---|
| 999 |
_c1665 _d1665 |
||
| 020 | _a978813134372 | ||
| 050 | _aHC79 MOH 2008 | ||
| 100 |
_aMohanka, Reena _eauthor |
||
| 245 |
_aEnvironmental resources and biological hazards / _cReena Mohanka, Chowdhary Sharfuddin and M. P. Singh |
||
| 264 |
_aNew Delhi : _bA.P.H. Publishing Corporation, _c2008 |
||
| 300 |
_ax, 441p. : _bill. |
||
| 500 | _aIncludes bibliographical references (420 - 441p.) | ||
| 650 |
_aEnvironmental problems _xHealth hazards |
||
| 650 |
_aEnvironmental resources _xTextbooks |
||
| 650 | _aEnvironmental pollution | ||
| 650 |
_aPollution _xEnvironmental aspects |
||
| 700 |
_aSharfuddin, Chowdhary _eauthor |
||
| 700 |
_aSingh, M.P. _eauthor |
||
| 942 |
_2lcc _cBK _h79 _iMOH _kHC |
||